00816 2200277 4500001002100000005001500021035002500036008004100061020002200102040001700124082001600141084001800157100002200175245009400197260003700291300003800328650003000366700000900396850001200405007000300417090002200420090002100442504003300463999002100496990002100517INLIS00000000001526120200701110507 a0010-101500000000995151026s2015 yoia g ind d a978-602-288-200-8 aYOPDYOGbind04222a499.221 a499.221 MEG p0 aMega Nofriad199000aPedoman lengkap EYD :bejaan yang disempurnakan /cpenulis, Mega Nofria; penyunting, Nova3 aYogyakarta :bBuku Pintar,c2015 a204 halaman :bilustrasi ;c20 cm 4aBahasa Indonesia--xEjaan0 aNova aYOPDYOGta aDEP 499.221 MEG p aCB-D.11 2015-668 aBibliografi: halaman 201-202 aCB-D.11/2015-668 aCB-D.11/2015-668